| 000 | 00479nam a2200181 i 4500 | ||
|---|---|---|---|
| 001 | 134284 | ||
| 003 | ES-MaACL | ||
| 005 | 20230906194636.0 | ||
| 007 | t| | ||
| 008 | 070907s1978 xxka |||| | eng d | ||
| 080 | _a75Renoir | ||
| 100 | 1 |
_aWheldon, Keith. _9116629 |
|
| 245 | 1 | 0 |
_aRenoir and his art / _cKeith Wheldon. |
| 260 |
_aLondon : _bHamlyn, _c1978. |
||
| 300 |
_a128 p. : _bil. ; _c35 cm. |
||
| 600 | 1 | 4 |
_aRenoir, Pierre-Auguste. _9145174 |
| 852 |
_aES-MaACL _jA-8373 |
||
| 999 |
_c134284 _d134284 |
||